| 000 | 00831nam a2200241Ii 4500 | ||
|---|---|---|---|
| 003 | JO-AjNU | ||
| 008 | 230605s9999||||xx |||||||||||||| ||und|| | ||
| 017 | _a2006/11/2987 | ||
| 020 | _a9957-36-168-6 | ||
| 040 |
_aJO-AjNU _bara _erda _cJO-AjNU |
||
| 041 | _aara | ||
| 050 | 1 | 4 | _aBF408 2007 |
| 100 | 3 |
_aالشيخلي، عبد القادر, _eauthor _920562 |
|
| 245 | 0 | 0 | _aكيف تغير من حياتك وتحقق ما تريد |
| 250 | _aط1 | ||
| 264 | 3 | 1 | _aعمان: دار الاسرة للنشر والتوزيع ،2007 |
| 300 | _a80ص | ||
| 336 |
_atext _btxt _2rdacontent |
||
| 337 |
_aunmediated _bn _2rdamedia |
||
| 338 |
_avolume _bnc _2rdacarrier |
||
| 490 | 0 | _aسلسلة ضبط النفس والتعامل مع الاخرين | |
| 650 | 4 |
_aالنجاح الشخصي- الشخصية- علم النفس _920563 |
|
| 999 |
_aA6990 _c10558 _d10558 |
||